000 01223nam1a2200301 i 4500
001 RU\NLR\bibl\359078
005 20240919203528.0
035 _a(NLR Aleph) 000353705
090 _a292020
_c292020
100 _a20030124g20029999u y0rusy50 ca
101 0 _arus
102 _aRU
105 _a||||z |||||
200 1 _aРадиодетали народнохозяйственного назначения
_iКонденсаторы
_eСб. справ. листов
_e[РД 11 0826.5-2002]
205 _aОфиц. изд.
210 _a[СПб.]
_cРНИИ "Электронстандарт"
_d2002
215 _d20
225 1 _aОтраслевой руководящий документ
463 0 _1001345819
463 0 _1001346150
606 0 _aЭлектрические конденсаторы
_jНормативные и руководящие материалы
_91360508
_3RU\NLR\auth\66569129
606 0 _aЭлектрические конденсаторы
_jНормативные документы
_91360508
_3RU\NLR\auth\66569129
686 _aЗ844-040.6я8
801 0 _aRU
_bNLR
_c20030124
_gPSBO
801 1 _aRU
_bNLR
_c20030124
852 _aNLR
_jПт 2002-1/35
942 _cBOOK